书目信息 |
| 题名: |
计算机绘图与BIM建模
|
|
| 作者: | 曾建仙 , 李俐勋 , 刘干朗 编著 | |
| 分册: | ||
| 出版信息: | 北京 清华大学出版社 2020.08 |
|
| 页数: | 276页 | |
| 开本: | 26cm | |
| 丛书名: | 普通高等教育“十三五”规划教材 | |
| 单 册: | ||
| 中图分类: | TU201.4 | |
| 科图分类: | ||
| 主题词: | 土木工程--tu mu gong cheng--建筑设计--计算机辅助设计--应用软件--高等教育--教材 | |
| 电子资源: | ||
| ISBN: | 978-7-302-54669-6 | |
| 000 | 01276nam 2200289 450 | |
| 001 | 0100028492 | |
| 005 | 20211025120159.0 | |
| 010 | @a978-7-302-54669-6@dCNY55.00 | |
| 100 | @a20200928d2020 em y0chiy50 ea | |
| 101 | 0 | @achi |
| 102 | @aCN@b110000 | |
| 105 | @aa z 001yy | |
| 106 | @ar | |
| 200 | 1 | @a计算机绘图与BIM建模@Aji suan ji hui tu yu BIM jian mo@f曾建仙, 李俐勋, 刘干朗编著 |
| 210 | @a北京@c清华大学出版社@d2020.08 | |
| 215 | @a276页@c图@d26cm | |
| 225 | 2 | @a普通高等教育“十三五”规划教材@Apu tong gao deng jiao yu “ shi san wu ” gui hua jiao cai@i土木工程类系列教材 |
| 320 | @a有索引 | |
| 330 | @a本书立足于软件实操和专业应用两大特点, 通过具体典型的案例, 着力推荐CAD和REVIT这2款基本软件来帮助读者完成从初学者到应用型BIM工程师的转变。本书除了精简基本操作外, 更注重推荐使用与本专业相关的实用的操作技巧和常规做法, 并从专业应用的角度着手理解软件的基本逻辑框架。 | |
| 410 | 0 | @12001 @a普通高等教育“十三五”规划教材@i土木工程类系列教材 |
| 606 | 0 | @a土木工程@Atu mu gong cheng@x建筑设计@x计算机辅助设计@x应用软件@x高等教育@j教材 |
| 690 | @aTU201.4@v5 | |
| 701 | 0 | @a曾建仙@Azeng jian xian@4编著 |
| 701 | 0 | @a李俐勋@Ali li xun@4编著 |
| 701 | 0 | @a刘干朗@Aliu gan lang@4编著 |
| 801 | 0 | @aCN@c20210909 |
| 905 | @a河南城建学院图书馆@dTU201.4@eZ026 | |
| 计算机绘图与BIM建模/曾建仙, 李俐勋, 刘干朗编著.-北京:清华大学出版社,2020.08 |
| 276页:图;26cm.-(普通高等教育“十三五”规划教材.土木工程类系列教材) |
| ISBN 978-7-302-54669-6:CNY55.00 |
| 本书立足于软件实操和专业应用两大特点, 通过具体典型的案例, 着力推荐CAD和REVIT这2款基本软件来帮助读者完成从初学者到应用型BIM工程师的转变。本书除了精简基本操作外, 更注重推荐使用与本专业相关的实用的操作技巧和常规做法, 并从专业应用的角度着手理解软件的基本逻辑框架。 |
| ● |
| 相关链接 |
|
|
|
正题名:计算机绘图与BIM建模
索取号:TU201.4/Z026
 
预约/预借
| 序号 | 登录号 | 条形码 | 馆藏地/架位号 | 状态 | 备注 |
| 1 | 1545459 | 215454595 | 建筑库101/101建筑库 36排4列1层/ [索取号:TU201.4/Z026] | 在馆 | |
| 2 | 1545460 | 215454602 | 建筑库101/101建筑库 36排4列1层/ [索取号:TU201.4/Z026] | 在馆 |